| 000 | 00609nam a2200181Ia 4500 | ||
|---|---|---|---|
| 008 | 090630s9999 xx 000 0 und d | ||
| 082 | _b24158 | ||
| 100 | _aॅफडके य. दि. | ||
| 245 |
_aसंसद - तेव्हा आणि आता. _cॅफडके य. दि. |
||
| 260 | _bअक्षर. | ||
| 300 | _a0 | ||
| 600 | _aॅफडके य. दि. | ||
| 630 | _aसंसद - तेव्हा आणि आता. | ||
| 655 | _aइतर. | ||
| 700 | _aॅफडके य. दि. | ||
| 730 | _aसंसद - तेव्हा आणि आता. | ||
| 942 | _cBOOK | ||
| 999 |
_c276014 _d276014 |
||